000 00571nam a2200193Ia 4500
008 151119s9999||||xx |||||||||||||| ||und||
082 _a620
082 _bGKKV22462
100 _aसोहोनी श्री वि
245 _aरेकॉर्ड प्लेअर
260 _a--
260 _b--
260 _c0
600 _aसोहोनी श्री वि
630 _aरेकॉर्ड प्लेअर
700 _aसोहोनी श्री वि
730 _aरेकॉर्ड प्लेअर
942 _cBOOK
999 _c1075203
_d1075200